Jugendschutz als sozialpädagogisches und sozialpolitisches Handlungsprinzip: zur Begründung des Jugendschutzes als Ziel kommunaler Jugendarbeit

Gespeichert in:  
Bibliographische Detailangaben
1. VerfasserIn: Baum, Detlef 1945- (Verfasst von)
Medienart: Druck Aufsatz
Sprache:Deutsch
Veröffentlicht: 1987
In: Jugendschutz
Jahr: 1987, Band: 32, Heft: 3, Seiten: 9-20
Verfügbarkeit prüfen: HBZ Gateway
Schlagwörter:

MARC

LEADER 00000caa a22000002c 4500
001 1640681515
003 DE-627
005 20220608132342.0
007 tu
008 141002s1987 xx ||||| 00| ||ger c
035 |a (DE-627)1640681515 
035 |a (DE-576)415066298 
035 |a (DE-599)BSZ415066298 
040 |a DE-627  |b ger  |c DE-627  |e rakwb 
041 |a ger 
100 1 |a Baum, Detlef  |d 1945-  |0 (DE-588)133406903  |0 (DE-627)545628784  |0 (DE-576)160198771  |4 aut 
109 |a Baum, Detlef 1945- 
245 1 0 |a Jugendschutz als sozialpädagogisches und sozialpolitisches Handlungsprinzip  |b zur Begründung des Jugendschutzes als Ziel kommunaler Jugendarbeit  |c Detlef Baum 
264 1 |c 1987 
336 |a Text  |b txt  |2 rdacontent 
337 |a ohne Hilfsmittel zu benutzen  |b n  |2 rdamedia 
338 |a Band  |b nc  |2 rdacarrier 
773 0 8 |i In  |t Jugendschutz  |d Neuwied : Luchterhand, 1956  |g 32(1987), 3, Seite 9-20  |w (DE-627)130095842  |w (DE-600)501160-7  |w (DE-576)01562837X  |x 0342-6394  |7 nnas 
773 1 8 |g volume:32  |g year:1987  |g number:3  |g pages:9-20 
951 |a AR 
ELC |b 1 
LOK |0 000 xxxxxcx a22 zn 4500 
LOK |0 001 3302690584 
LOK |0 003 DE-627 
LOK |0 004 1640681515 
LOK |0 005 20141007114205 
LOK |0 008 141002||||||||||||||||ger||||||| 
LOK |0 040   |a DE-21-110  |c DE-627  |d DE-21-110 
LOK |0 689   |a s  |a Jugendschutz 
LOK |0 689   |a s  |a Handlungsprinzip 
LOK |0 689   |a s  |a Kommunale Jugendarbeit 
LOK |0 852   |z Kein Bestand am IfK; Nachweis für KrimDok 
LOK |0 852   |a DE-21-110 
LOK |0 852 1  |m v  |9 00 
LOK |0 935   |a k110 
LOK |0 938   |k v 
LOK |0 939   |a 02-10-14  |b l01 
ORI |a SA-MARC-krimdoka001.raw